Astro's Playroom Artifacts - Statistics

General Stats
  • This quiz has been taken 25 times
  • The average score is 21 of 50
Answer Stats
Description Artifact % Correct
Three-dimensional big bang! PlayStation
100%
2000: A Games Odyssey. PlayStation 2
94%
Cute kid! Looks just like it's mum. PlayStation 2
94%
With great power... PlayStation 3
94%
Surely it can't get any smaller than this... PlayStation 3
94%
...OK, maybe it can. PlayStation 3
94%
Loves to have its back stroked. PlayStation Vita
94%
Promised greatness. Delivered more. PlayStation 4
88%
Lost some weight, but none of the magic. PlayStation 4
88%
How Pro can you go? PlayStation 4 Pro
88%
Number five is alive! PlayStation 5
88%
You can handle this. PlayStation Controller
88%
Loves being held. PlayStation Portable
82%
Awww, chibi console! PS One
65%
The perfect fit for your PLAYROOM! PlayStation Camera
53%
Portable cameras? They'll never catch on... PSP Camera
53%
A new fantastic point of view. PS VR Headset
41%
Those apes can't escape now! DUALSHOCK Controller
35%
You'll have a ball with this. PlayStation Mouse
35%
Big in Japan! PocketStation
35%
New wave controller. PS Move Motion Controller
35%
Talk, man! PSP Microphone
35%
This ain't no toy. PS Eye Camera
29%
Copes well under pressure. DUALSHOCK 2 Controller
24%
Can you say SIXAXIS fast ten times? DUALSHOCK 3 Wireless Controller
24%
Keeps your granny entertained. EyeToy Camera
24%
So long, overnight pauses! PlayStation Memory Card
24%
The most fun you can have with a right angle. PlayStation Multitap
24%
Improved in every way. Resists even the most powerful psychics. PS2 Memory Card
24%
Guaranteed fun on 'tap. PS2 Multitap
24%
Your neighbors will be thrilled! SingStar Microphone
24%
Let's get quizzical! Buzz Controller
18%
It's in your hands now. DualSense Wireless Controller
18%
Legend has it lil robots live inside it! DUALSHOCK 4 Wireless Controller
18%
Comes coated in mysterious black ooze... PlayStation Game Disc
18%
Why go disc when you can go cart? PlayStation Vita Game Pack
18%
Blue is the new black! PS2 Game Disc
18%
Perfect Blu. PS3 Game Disc
18%
The Motion Controller's left-hand man. PS Move Navigation Controller
18%
Met with Resistance. PS Move Sharp Shooter
18%
Makes a strong case. PSP UMD
18%
VR-y accurate. PS VR Aim Controller
18%
Nobody really knows what goes on in there... PS VR Processor Unit
18%
Makes things sound as 3D as they look. PULSE 3D Wireless Headset
18%
Camera? Looks like a clam-era! HD Camera
12%
The secret to successful networking. PS2 Network Adaptor
12%
Stop, or my Move will shoot! PS Move Shooting Attachment
12%
Flipping Genius! PS One LCD Monitor
12%
No UMD? OMG. PSP Go
12%
Helps you find your way around any dark dungeon. PSP GPS Receiver
6%
No matching quizzes found
Score Distribution
Percent of People with Each Score
Percentile by Number Answered
Your Score History
You have not taken this quiz